[Event "10. Forchheimer Sparkassen Open"]
[Site "Forchheim"]
[Date "2011.10.09"]
[Round "4.19"]
[White "Adler, Herbert"]
[Black "Walter, Florian"]
[Result "0-1"]
[WhiteElo "1872"]
[BlackElo "2092"]
[PlyCount "112"]
[EventDate "2011.??.??"]
[WhiteTeam "SG Büchenbach/Roth e.V."]
[BlackTeam "SV Lauf a.d.P."]

1. d4 {[%emt 0:00:00]} g6 2. g3 Bg7 3. Bg2 d6 4. Nf3 Nf6 5. O-O O-O 6. c4 Nc6
7. Nc3 a6 8. d5 Na5 9. b3 b5 10. cxb5 axb5 11. Nd4 b4 12. Na4 Bb7 13. Nc2 Rb8
14. Bb2 c5 15. Rb1 Ba6 16. Ba1 Qd7 17. Nb2 Rfc8 18. Qd2 Qg4 19. f3 Qd7 20. Ne3
Bh6 21. f4 Bg7 22. Rfc1 Qa7 23. Nbc4 Nxc4 24. bxc4 Rb6 25. Rb3 Rcb8 26. Bf3 Bc8
27. Kg2 Ra6 28. Rc2 Ra8 29. Rbb2 Ne8 30. Rb1 Rxa2 31. Bxg7 Nxg7 32. g4 Rxc2 33.
Qxc2 Qa2 34. Rb2 Qa1 35. Rb1 Qd4 36. Qe4 Qxe4 37. Bxe4 Ra3 38. Kf2 Ne8 39. g5
Ba6 40. Bd3 Nc7 41. f5 Kg7 42. h4 Na8 43. h5 Nb6 44. h6+ Kg8 45. fxg6 fxg6 46.
Nc2 Rc3 47. Nxb4 cxb4 48. Rxb4 Nd7 49. Ra4 Nc5 50. Rb4 Rb3 51. Rxb3 Nxb3 52.
Ke3 Nc1 53. Kd4 Kf7 54. e4 e5+ 55. Kc3 Nxd3 56. Kxd3 Ke7 0-1

[Event "10. Forchheimer Sparkassen Open"]
[Site "Forchheim"]
[Date "2011.10.09"]
[Round "4.20"]
[White "Fuchs, Gerhard"]
[Black "Baumann, Mathias"]
[Result "1-0"]
[WhiteElo "2074"]
[BlackElo "1851"]
[PlyCount "69"]
[EventDate "2011.??.??"]
[WhiteTeam "SK Nürnberg 1911 e.V."]
[BlackTeam "Spvg Zabo-Eintracht Nürnberg e.V"]

1. e4 {[%emt 0:00:00]} c6 2. Nc3 d5 3. Qf3 dxe4 4. Nxe4 Nf6 5. Bc4 e6 6. Nxf6+
gxf6 7. Ne2 Nd7 8. d4 Nb6 9. Bb3 Qe7 10. Ng3 Bd7 11. Ne4 f5 12. Nc5 O-O-O 13.
Bf4 Bg7 14. O-O-O Bxd4 15. Nxb7 Bxb2+ 16. Kxb2 Kxb7 17. Be5 f6 18. Bd6 Qg7 19.
a4 Rhe8 20. a5 Nd5 21. a6+ Ka8 22. c4 Nb6 23. Ra1 Qg4 24. Qxg4 fxg4 25. h3 gxh3
26. Rxh3 e5 27. Rh6 Be6 28. c5 Bxb3 29. Kxb3 Nc8 30. Rxf6 Nxd6 31. Rxd6 Rxd6
32. cxd6 Kb8 33. Kc4 Rg8 34. Kc5 Rxg2 35. Rb1+ 1-0

[Event "10. Forchheimer Sparkassen Open"]
[Site "Forchheim"]
[Date "2011.10.09"]
[Round "4.21"]
[White "Blank, Stefan"]
[Black "Scherer, Holger"]
[Result "1/2-1/2"]
[WhiteElo "1863"]
[BlackElo "2070"]
[PlyCount "100"]
[EventDate "2011.??.??"]
[WhiteTeam "Schachclub Sulzbach"]
[BlackTeam "SK Lauffen"]

1. e4 {[%emt 0:00:00]} c5 2. Nf3 Nc6 3. d3 g6 4. g3 Bg7 5. Bg2 e6 6. O-O Nge7
7. c3 O-O 8. a4 d5 9. Qe2 b6 10. Na3 Na5 11. Bf4 Nb3 12. Rad1 Bd7 13. Bd6 d4
14. e5 Bxa4 15. Nd2 Rc8 16. Bb7 Re8 17. Bxe7 Qxe7 18. Bxc8 Rxc8 19. Nxb3 Bxb3
20. Rc1 Rd8 21. Nb5 Ba4 22. Na3 Bc6 23. f4 Ba8 24. c4 Qb7 25. Kf2 Bf8 26. Nb1
b5 27. b3 bxc4 28. bxc4 Qg2+ 29. Ke1 Qc6 30. Nd2 Be7 31. Rb1 Rc8 32. Ne4 Kg7
33. Nf6 Bd8 34. Rg1 Ba5+ 35. Kf2 Bb4 36. g4 Rh8 37. h4 a5 38. h5 a4 39. Ne4 Qc8
40. Nd6 Qd8 41. g5 Qd7 42. h6+ Kf8 43. Qc2 Bc6 44. Ra1 a3 45. Rgb1 Ke7 46. Nb5
Ra8 47. Qb3 Bb7 48. Nd6 Bc6 49. Nb5 Bb7 50. Nd6 Bc6 1/2-1/2

[Event "10. Forchheimer Sparkassen Open"]
[Site "Forchheim"]
[Date "2011.10.09"]
[Round "4.22"]
[White "Willim, Michael"]
[Black "Heppert, Lars"]
[Result "0-1"]
[WhiteElo "2068"]
[BlackElo "1833"]
[PlyCount "74"]
[EventDate "2011.??.??"]
[WhiteTeam "SC Erlangen 48/88 e.V."]
[BlackTeam "Schachklub 1872 im BSV Neuburg"]

1. c4 {[%emt 0:00:00]} e6 2. g3 d5 3. Bg2 c6 4. Nf3 Nf6 5. O-O g6 6. b3 Bg7 7.
Bb2 O-O 8. d3 c5 9. e3 Nc6 10. Qe2 Qc7 11. Nc3 a6 12. Rac1 dxc4 13. bxc4 b6 14.
Rb1 Rb8 15. Rfc1 Rd8 16. a3 e5 17. Rd1 Be6 18. Qc2 h6 19. Ne2 Nd7 20. Qa4 b5
21. cxb5 Rxb5 22. Bc3 Rdb8 23. Nd2 Qb6 24. Rxb5 axb5 25. Qc2 b4 26. Rb1 b3 27.
Qb2 Na5 28. Nf4 exf4 29. Bxg7 fxe3 30. Bxh6 exf2+ 31. Kh1 f6 32. Ne4 Bf5 33.
Rf1 c4 34. Bd2 Bxe4 35. Bxe4 Ne5 36. Bf4 Nxd3 37. Bxd3 Qc6+ 0-1

[Event "10. Forchheimer Sparkassen Open"]
[Site "Forchheim"]
[Date "2011.10.09"]
[Round "4.23"]
[White "Nussbaumer, Johann"]
[Black "Stoll, Stefan"]
[Result "1/2-1/2"]
[WhiteElo "2050"]
[BlackElo "1822"]
[PlyCount "123"]
[EventDate "2011.??.??"]
[BlackTeam "SK Mering"]

1. d4 {[%emt 0:00:00]} g6 2. c4 Bg7 3. Nc3 Nf6 4. e4 d6 5. h3 O-O 6. Nf3 e5 7.
d5 Ne8 8. g4 f5 9. gxf5 gxf5 10. exf5 Bxf5 11. Rg1 Kh8 12. Be3 a5 13. Ng5 Qd7
14. Bd3 Na6 15. Bxf5 Qxf5 16. Ne6 Rg8 17. Qe2 Bf6 18. Rxg8+ Kxg8 19. O-O-O Ng7
20. Rg1 Kh8 21. Nxg7 Bxg7 22. Qg4 Qxg4 23. Rxg4 Rg8 24. Kd2 Bf8 25. Kd3 Rg6 26.
a3 Kg7 27. Ke4 Rxg4+ 28. hxg4 Kg6 29. f3 Be7 30. Nb5 b6 31. Na7 Bh4 32. Nb5 Bd8
33. Na7 Bh4 34. Nc6 Bf6 35. b4 axb4 36. axb4 Bh4 37. Bd2 Bf6 38. Kd3 h5 39.
gxh5+ Kxh5 40. Ke4 Kg6 41. Be1 Bg5 42. Bc3 Bh4 43. f4 exf4 44. Kxf4 Kf7 45. Kf5
Ke8 46. Ke6 Bg5 47. Kf5 Bh4 48. Ke4 Kd7 49. Kf5 Bf2 50. Kf6 Bh4+ 51. Kf7 Bf2
52. Bd2 Bh4 53. Kg6 Bf2 54. Kf5 Bh4 55. Ke4 Bg3 56. Kd3 Kc8 57. Ke4 Nb8 58.
Nxb8 Kxb8 59. Kf5 Kc8 60. Ke6 Bf2 61. Bf4 Be1 62. b5 1/2-1/2

[Event "10. Forchheimer Sparkassen Open"]
[Site "Forchheim"]
[Date "2011.10.09"]
[Round "4.24"]
[White "Schmitz, Tim"]
[Black "Wittmann, Helmut"]
[Result "1/2-1/2"]
[WhiteElo "1854"]
[BlackElo "2040"]
[PlyCount "78"]
[EventDate "2011.??.??"]
[WhiteTeam "SC Sendling e.V."]
[BlackTeam "BSG Wöhrlhaus Erlangen"]

1. e4 {[%emt 0:00:00]} g6 2. d4 Bg7 3. Nc3 d6 4. Be3 c6 5. Qd2 b5 6. Bd3 Nd7 7.
Nf3 Qc7 8. O-O Ngf6 9. Bh6 O-O 10. Rfe1 e5 11. h3 Re8 12. Bxg7 Kxg7 13. a4 exd4
14. Nxd4 b4 15. Na2 a5 16. Qf4 Nc5 17. Rad1 Nxa4 18. b3 Nc5 19. Nc1 a4 20. bxa4
Rxa4 21. Ncb3 Nxb3 22. Nxb3 c5 23. Bb5 Ra2 24. Bxe8 Nxe8 25. Rd2 c4 26. Nd4 c3
27. Rdd1 Bd7 28. Ra1 Qa7 29. Rxa2 Qxa2 30. e5 Qd5 31. exd6 Ba4 32. Qe5+ Qxe5
33. Rxe5 Nxd6 34. Ra5 Bxc2 35. Nxc2 b3 36. Ra3 b2 37. Rb3 Nc4 38. Rb7 Nd2 39.
Na3 Nc4 1/2-1/2

[Event "10. Forchheimer Sparkassen Open"]
[Site "Forchheim"]
[Date "2011.10.09"]
[Round "4.25"]
[White "Bachstein, Dustin"]
[Black "Schwab, Edgar"]
[Result "1-0"]
[WhiteElo "2030"]
[BlackElo "1806"]
[PlyCount "55"]
[EventDate "2011.??.??"]
[WhiteTeam "SC Erlangen 48/88 e.V."]
[BlackTeam "SC Forchheim e.V."]

1. d4 {[%emt 0:00:00]} d5 2. Nf3 Nf6 3. e3 Bg4 4. Bd3 e6 5. O-O c5 6. b3 Nbd7
7. Bb2 Bd6 8. Nbd2 Rc8 9. dxc5 Nxc5 10. Bb5+ Ncd7 11. h3 Bf5 12. Bxf6 gxf6 13.
e4 Bg6 14. exd5 Bxc2 15. dxe6 fxe6 16. Qe2 Kf7 17. Bc4 Be5 18. Nd4 Bxd4 19.
Qxe6+ Kg7 20. Qg4+ Bg6 21. Qxd4 Ne5 22. Qf4 a6 23. Rad1 b5 24. Ne4 Qe7 25. Bd5
Rhf8 26. Rd2 Rc7 27. Re1 f5 28. Ng5 1-0

[Event "10. Forchheimer Sparkassen Open"]
[Site "Forchheim"]
[Date "2011.10.09"]
[Round "4.26"]
[White "Kölbl, Jonathan"]
[Black "Lechermann, Markus"]
[Result "0-1"]
[WhiteElo "1828"]
[BlackElo "2026"]
[PlyCount "126"]
[EventDate "2011.??.??"]
[WhiteTeam "SK Klosterlechfeld"]
[BlackTeam "MTV Ingolstadt"]

1. e4 {[%emt 0:00:00]} c5 2. Nc3 Nc6 3. f4 e6 4. Nf3 g6 5. Bb5 Nge7 6. O-O a6
7. Bxc6 Nxc6 8. d3 d6 9. Qe1 Bg7 10. f5 O-O 11. fxg6 fxg6 12. Bg5 Qb6 13. Qc1
Nd4 14. Nd2 Bd7 15. Rxf8+ Rxf8 16. Nc4 Qc6 17. Qd2 b5 18. Ne3 b4 19. Ncd1 d5
20. c3 bxc3 21. Nxc3 dxe4 22. Nxe4 Nf5 23. Ng4 Kh8 24. Bf6 Qd5 25. Bxg7+ Kxg7
26. Rc1 Bb5 27. Nxc5 Rc8 28. Qc3+ Kf7 29. b4 Qd4+ 30. Qxd4 Nxd4 31. Ne5+ Ke7
32. Rf1 Be8 33. Re1 a5 34. Rb1 axb4 35. Ne4 Rb8 36. Kf2 Rb5 37. Nc4 Bc6 38. Ke3
Nf5+ 39. Kf2 Bd5 40. Rb2 Rb7 41. Ned2 h5 42. a3 bxa3 43. Rxb7+ Bxb7 44. Nxa3
Kd6 45. g3 Kc5 46. Nc2 Bd5 47. Nf3 Bxf3 48. Kxf3 Nd4+ 49. Nxd4 Kxd4 50. Ke2 g5
51. h3 g4 52. hxg4 hxg4 53. Kd2 e5 54. Ke2 e4 55. dxe4 Kxe4 56. Kf2 Kd3 57. Kf1
Ke3 58. Kg2 Ke2 59. Kg1 Kf3 60. Kh2 Kf2 61. Kh1 Kxg3 62. Kg1 Kh3 63. Kh1 g3 0-1

[Event "10. Forchheimer Sparkassen Open"]
[Site "Forchheim"]
[Date "2011.10.09"]
[Round "4.27"]
[White "Karasek, Christian"]
[Black "Link, Fabian"]
[Result "1/2-1/2"]
[WhiteElo "2022"]
[BlackElo "1666"]
[PlyCount "87"]
[EventDate "2011.??.??"]
[WhiteTeam "SC Noris-Tarrasch Nürnberg 1873"]
[BlackTeam "SC Kitzingen von 1905"]

1. e4 {[%emt 0:00:00]} e6 2. d4 d5 3. Nd2 Nc6 4. Ngf3 Nf6 5. e5 Nd7 6. Nb3 f6
7. Bf4 h5 8. Bd3 f5 9. Ng5 Nb6 10. Qe2 Nb4 11. Bxf5 exf5 12. e6 Nxc2+ 13. Qxc2
Bb4+ 14. Kf1 O-O 15. h4 Nc4 16. a3 Bd6 17. Bxd6 Qxd6 18. Qe2 g6 19. Re1 Re8 20.
Nc1 Bd7 21. Kg1 Re7 22. Nd3 b6 23. b3 Nxa3 24. Qb2 Rae8 25. Nf7 Rxf7 26. exf7+
Kxf7 27. Ne5+ Kg7 28. f4 Nb5 29. Rh3 Re6 30. Rg3 Be8 31. Qa1 Qb4 32. Rd1 a5 33.
Qa4 Qe7 34. Qa1 Qxh4 35. Rf3 Qe7 36. Kf2 Nd6 37. Ke3 Ne4 38. Rc1 Kh6 39. Rff1
Bb5 40. Rf3 Qb4 41. Qb2 c5 42. dxc5 Rxe5 43. fxe5 bxc5 44. Rf4 1/2-1/2

[Event "10. Forchheimer Sparkassen Open"]
[Site "Forchheim"]
[Date "2011.10.09"]
[Round "4.28"]
[White "Zhao, Kevin"]
[Black "Nehls, Benedikt"]
[Result "0-1"]
[WhiteElo "1799"]
[BlackElo "2012"]
[PlyCount "90"]
[EventDate "2011.??.??"]
[WhiteTeam "SC Erlangen 48/88 e.V."]
[BlackTeam "SC Erlangen 48/88 e.V."]

1. e4 {[%emt 0:00:00]} c5 2. Nc3 d6 3. f4 g6 4. Nf3 Bg7 5. Bc4 e6 6. Bb3 Ne7 7.
d3 O-O 8. O-O Nbc6 9. Ne2 b6 10. c3 d5 11. e5 Ba6 12. Bc2 Rc8 13. g4 Qd7 14.
Rf2 f6 15. exf6 Bxf6 16. h4 e5 17. Rg2 Bg7 18. h5 gxh5 19. gxh5 Kh8 20. Qe1 Nf5
21. Ng3 Nxg3 22. Qxg3 exf4 23. Bxf4 Rg8 24. Ne5 Nxe5 25. Bxe5 Rce8 26. Bxg7+
Rxg7 27. Qxg7+ Qxg7 28. Rxg7 Kxg7 29. Kf2 Kh6 30. Rh1 Re5 31. Kf3 Rxh5 32.
Rxh5+ Kxh5 33. d4 h6 34. Kf4 Be2 35. dxc5 bxc5 36. Ke5 Bf3 37. b4 cxb4 38. cxb4
Kg4 39. a4 h5 40. b5 Be2 41. Kxd5 h4 42. Ke5 Kg3 43. Bf5 Bg4 44. Bxg4 Kxg4 45.
a5 h3 0-1

[Event "10. Forchheimer Sparkassen Open"]
[Site "Forchheim"]
[Date "2011.10.09"]
[Round "4.29"]
[White "Barthelmann, Benno"]
[Black "Schädlich, Helmut"]
[Result "1-0"]
[WhiteElo "2007"]
[BlackElo "1650"]
[PlyCount "67"]
[EventDate "2011.??.??"]
[WhiteTeam "SF Ravensburg"]
[BlackTeam "SC Kirchseeon e.V."]

1. c4 {[%emt 0:00:00]} f5 2. d3 Nf6 3. Nc3 g6 4. e4 fxe4 5. dxe4 e5 6. Nf3 d6
7. c5 Be6 8. Bg5 Nbd7 9. cxd6 Bxd6 10. Bb5 O-O 11. Bh6 Re8 12. Ng5 Kh8 13. Nxe6
Rxe6 14. Bc4 Re7 15. O-O Ng8 16. Bg5 Ngf6 17. Nd5 Rf7 18. Nxc7 Qxc7 19. Bxf7
Nxe4 20. Be3 Ndf6 21. Bb3 Qe7 22. Rc1 Rd8 23. Qc2 b6 24. Rfd1 Rf8 25. Qc6 Bc5
26. Bxc5 Nxc5 27. f3 e4 28. Qd6 Qxd6 29. Rxd6 Nd3 30. Rb1 Kg7 31. fxe4 Nf2 32.
e5 N6e4 33. Rd7+ Kh6 34. e6 1-0

[Event "10. Forchheimer Sparkassen Open"]
[Site "Forchheim"]
[Date "2011.10.09"]
[Round "4.30"]
[White "Körber, Thomas"]
[Black "Nigmatulin, Anatolij"]
[Result "1/2-1/2"]
[WhiteElo "1783"]
[BlackElo "1996"]
[PlyCount "43"]
[EventDate "2011.??.??"]
[WhiteTeam "SF Fürth 1951 e.V."]
[BlackTeam "SC 1868 Bamberg"]

1. Nf3 {[%emt 0:00:00]} Nf6 2. d4 g6 3. c4 Bg7 4. g3 O-O 5. Bg2 d6 6. O-O Nc6
7. Nc3 a6 8. d5 Na5 9. Nd2 c5 10. Qc2 Rb8 11. b3 b5 12. Bb2 bxc4 13. bxc4 e5
14. Rab1 Bh6 15. e3 Bf5 16. Nce4 Nxe4 17. Nxe4 Rb4 18. Bc3 Rxb1 19. Rxb1 Nxc4
20. Qa4 Nb6 21. Qc6 Nc8 22. Rb8 1/2-1/2

[Event "10. Forchheimer Sparkassen Open"]
[Site "Forchheim"]
[Date "2011.10.09"]
[Round "4.31"]
[White "Wohlfahrt, Frank"]
[Black "Körber, Christian"]
[Result "1/2-1/2"]
[WhiteElo "1995"]
[BlackElo "1586"]
[PlyCount "81"]
[EventDate "2011.??.??"]
[WhiteTeam "SG Siemens Erlangen e.V."]
[BlackTeam "SF Fürth 1951 e.V."]

1. e4 {[%emt 0:00:00]} d5 2. exd5 Qxd5 3. Nc3 Qa5 4. Bc4 Nf6 5. Nge2 Bf5 6. d3
e6 7. Bd2 c6 8. O-O Qc7 9. Ng3 Bg6 10. f4 Bd6 11. Kh1 O-O 12. Nce4 Bxe4 13.
dxe4 e5 14. f5 b5 15. Bb3 Nbd7 16. Bg5 a5 17. a3 c5 18. c3 c4 19. Bc2 a4 20.
Qe2 Rad8 21. Rad1 Be7 22. Rd2 h6 23. Be3 Bc5 24. Rfd1 Qb6 25. Nf1 Rfe8 26. Qf3
Kf8 27. g4 Bxe3 28. Nxe3 Nc5 29. h4 Rxd2 30. Rxd2 Rd8 31. Rxd8+ Qxd8 32. g5
hxg5 33. hxg5 Nh7 34. g6 Qh4+ 35. Kg2 Ng5 36. Qg3 Qxg3+ 37. Kxg3 f6 38. Nd5
Ngxe4+ 39. Kf3 Nd6 40. Ke2 Ke8 41. Kf3 1/2-1/2

[Event "10. Forchheimer Sparkassen Open"]
[Site "Forchheim"]
[Date "2011.10.09"]
[Round "4.32"]
[White "Schoebel, Klaus"]
[Black "Belz, Frank-Martin"]
[Result "0-1"]
[WhiteElo "1659"]
[BlackElo "1981"]
[PlyCount "90"]
[EventDate "2011.??.??"]
[WhiteTeam "SK 1911 Herzogenaurach e.V."]
[BlackTeam "SK Freising"]

1. e4 {[%emt 0:00:00]} c6 2. Nc3 d5 3. Nf3 dxe4 4. Nxe4 Bf5 5. Ng3 Bg6 6. h4 h6
7. Ne5 Bh7 8. Qh5 g6 9. Bc4 e6 10. Qe2 Qe7 11. d4 Nd7 12. Nf3 Ngf6 13. Bd2
O-O-O 14. O-O-O Nb6 15. Bb3 Kb8 16. Ba5 Rc8 17. Ng5 hxg5 18. hxg5 Nfd7 19. Ne4
Bg7 20. a3 Bg8 21. Rxh8 Bxh8 22. Bb4 c5 23. Bc3 c4 24. Ba2 f5 25. gxf6 Nxf6 26.
Bb4 Qd8 27. Nd6 Rc6 28. Qe5 Ka8 29. Bc5 Nfd7 30. Qe1 Nxc5 31. dxc5 Nd5 32. Bxc4
Rxc5 33. Nxb7 Kxb7 34. Bxd5+ Rxd5 35. Qb4+ Ka8 36. Rxd5 exd5 37. Qc5 Bxb2+ 38.
Kxb2 Qb6+ 39. Qxb6 axb6 40. Kc3 Kb7 41. Kd4 Kc6 42. f4 Kd6 43. g4 b5 44. g5 Be6
45. c3 Bf5 0-1

[Event "10. Forchheimer Sparkassen Open"]
[Site "Forchheim"]
[Date "2011.10.09"]
[Round "4.33"]
[White "Nieke, Karl-Friedrich"]
[Black "Adelhütte, Dennis"]
[Result "0-1"]
[WhiteElo "1615"]
[BlackElo "1975"]
[PlyCount "38"]
[EventDate "2011.??.??"]
[WhiteTeam "SK Lauffen"]
[BlackTeam "SC Erlangen 48/88 e.V."]

1. d4 {[%emt 0:00:00]} Nf6 2. Nf3 g6 3. e3 d5 4. Be2 c5 5. O-O Bg7 6. b3 cxd4
7. exd4 Nc6 8. Bb2 O-O 9. a3 Ne4 10. Nbd2 Qb6 11. c3 Nxd2 12. Nxd2 Bf5 13. Bg4
Bxg4 14. Qxg4 e5 15. dxe5 Nxe5 16. Qb4 Nd3 17. Qxb6 axb6 18. Bc1 Bxc3 19. Ra2
Nb4 0-1

[Event "10. Forchheimer Sparkassen Open"]
[Site "Forchheim"]
[Date "2011.10.09"]
[Round "4.34"]
[White "Ott, Florian"]
[Black "Schäfer, Ann-Kathrin"]
[Result "1-0"]
[WhiteElo "1974"]
[BlackElo "1591"]
[PlyCount "77"]
[EventDate "2011.??.??"]
[WhiteTeam "SG Siemens Amberg"]
[BlackTeam "SC Bechhofen 1923 e.V."]

1. d4 {[%emt 0:00:00]} Nf6 2. Nf3 d6 3. c4 g6 4. Nc3 Bg7 5. e4 O-O 6. Be2 Nbd7
7. O-O e5 8. Be3 Ng4 9. Bg5 f6 10. Bh4 exd4 11. Nxd4 Nde5 12. h3 Nh6 13. f4
Nef7 14. Qd2 Bd7 15. Rad1 g5 16. Bg3 f5 17. fxg5 Nxg5 18. Bf4 Ngf7 19. Bf3 Qc8
20. Nd5 Re8 21. Nxf5 Nxf5 22. exf5 Bxf5 23. Bh5 Qd7 24. Bg5 Bg6 25. Bxg6 hxg6
26. Nf6+ Bxf6 27. Rxf6 Re6 28. Rdf1 Rf8 29. Bh6 Rxf6 30. Rxf6 Nxh6 31. Rxg6+
Kf7 32. Qxh6 Qf5 33. Rg7+ Ke8 34. Rxc7 Rf6 35. Qh8+ Rf8 36. Qd4 Qe6 37. Rxb7 a5
38. Rb8+ Ke7 39. Qa7+ 1-0

[Event "10. Forchheimer Sparkassen Open"]
[Site "Forchheim"]
[Date "2011.10.09"]
[Round "4.35"]
[White "Schröder, Harald"]
[Black "Glawe, Ralf"]
[Result "0-1"]
[WhiteElo "1569"]
[BlackElo "1967"]
[PlyCount "102"]
[EventDate "2011.??.??"]
[WhiteTeam "SC Forchheim e.V."]
[BlackTeam "MTV Ingolstadt"]

1. e4 {[%emt 0:00:00]} c5 2. f4 d5 3. Bb5+ Bd7 4. Bxd7+ Qxd7 5. e5 Nc6 6. Nf3
e6 7. O-O Nh6 8. h3 Nf5 9. c3 d4 10. c4 d3 11. Qb3 Ng3 12. Re1 Ne2+ 13. Rxe2
dxe2 14. Kf2 O-O-O 15. Kxe2 Nb4 16. d4 cxd4 17. a3 Nc2 18. Ra2 d3+ 19. Kf1 Nd4
20. Qd1 Nf5 21. b4 Qc6 22. Qb3 Kb8 23. Nc3 Be7 24. Kf2 Bh4+ 25. Kg1 Be7 26. Kf2
Bh4+ 27. Kg1 Nd4 28. Nxd4 Rxd4 29. c5 Rhd8 30. Be3 d2 31. Bxd4 Rxd4 32. Nd1 Qe4
33. Qf3 Qxf3 34. gxf3 Bg3 35. Kf1 Bxf4 36. Ke2 Bxe5 37. Rxd2 Kc7 38. Rxd4 Bxd4
39. Kd3 e5 40. Nc3 Bxc3 41. Kxc3 Kc6 42. Kc4 a6 43. a4 f6 44. b5+ Kc7 45. Kd5
Kd7 46. c6+ bxc6+ 47. bxc6+ Kc7 48. a5 h6 49. h4 h5 50. Ke6 g5 51. Kf5 gxh4 0-1

[Event "10. Forchheimer Sparkassen Open"]
[Site "Forchheim"]
[Date "2011.10.09"]
[Round "4.36"]
[White "Schöne, Steffen"]
[Black "Barnickel, Josef"]
[Result "1/2-1/2"]
[WhiteElo "1651"]
[BlackElo "2020"]
[PlyCount "237"]
[EventDate "2011.??.??"]
[WhiteTeam "Spvg Zabo-Eintracht Nürnberg e.V"]
[BlackTeam "SF Windheim e.V."]

1. Nc3 {[%emt 0:00:00]} d5 2. e4 d4 3. Nce2 e5 4. Nf3 Bd6 5. d3 Ne7 6. g3 c5 7.
Bg2 O-O 8. O-O Ng6 9. a4 Nc6 10. h4 Rb8 11. h5 Nh8 12. Nh2 f6 13. f4 Be6 14. f5
Bf7 15. h6 g5 16. fxg6 hxg6 17. Ng4 Be6 18. Bh3 Qd7 19. Nxf6+ Rxf6 20. Rxf6
Bxh3 21. Kh2 Be7 22. Rf2 Rf8 23. Rxf8+ Bxf8 24. Ng1 Bg4 25. Qd2 Nf7 26. Kh1
Bxh6 27. Qh2 Bxc1 28. Rxc1 Ng5 29. Rf1 Qh7 30. Rf2 Qxh2+ 31. Kxh2 Nb4 32. Rd2
Bd7 33. c3 Na2 34. cxd4 cxd4 35. Kg2 Nb4 36. b3 Bg4 37. Kf2 Kf7 38. Ne2 Nf3 39.
Rd1 Ke7 40. Nc1 Kd6 41. Rh1 Ng5 42. Rh6 Bd1 43. Rxg6+ Ne6 44. Ke1 Bc2 45. Kd2
Bb1 46. g4 Ke7 47. Rh6 Kf7 48. Rh5 Nc6 49. Ne2 Ng7 50. Rh1 Ba2 51. Kc2 Nb4+ 52.
Kb2 Bxb3 53. Kxb3 Nxd3 54. Kc4 Nb2+ 55. Kb3 Nd3 56. Ng3 b6 57. Nf5 Kg6 58. Nxg7
Kxg7 59. Rf1 Nc5+ 60. Kb4 Nxe4 61. Re1 d3 62. Kc4 Nf2 63. Kc3 e4 64. Kd2 Kf6
65. Rg1 Kg5 66. Ke3 Nxg4+ 67. Kxe4 d2 68. Kf3 Kf5 69. Ke2 Ne5 70. Rf1+ Ke4 71.
Kxd2 Kd4 72. Rf4+ Kd5 73. Rf5 Ke6 74. Rh5 Kd5 75. Ke3 Kd6 76. Ke4 Nd7 77. Kd4
Nc5 78. Rh6+ Kc7 79. Rh7+ Kb8 80. Rh8+ Kb7 81. Rh7+ Ka6 82. Rh1 Nxa4 83. Ra1 b5
84. Kd3 Ka5 85. Kc2 Kb4 86. Rb1+ Kc4 87. Rh1 b4 88. Rh4+ Kb5 89. Kb3 Nc5+ 90.
Kb2 a5 91. Ka2 a4 92. Kb2 a3+ 93. Ka2 Ka4 94. Rc4 Nd3 95. Rc8 b3+ 96. Ka1 Kb4
97. Rb8+ Kc3 98. Rc8+ Kb4 99. Rb8+ Kc4 100. Ra8 b2+ 101. Kb1 Kb3 102. Rb8+ Nb4
103. Ra8 Nd5 104. Rb8+ Kc4 105. Rc8+ Kd3 106. Rd8 Ke4 107. Re8+ Kd3 108. Rd8
Kc4 109. Rc8+ Kb5 110. Rb8+ Nb6 111. Rh8 Na4 112. Rb8+ Kc4 113. Rc8+ Nc5 114.
Ra8 Kb4 115. Rb8+ Kc3 116. Ra8 Kb3 117. Rb8+ Kc3 118. Rc8 Kc4 119. Rb8 1/2-1/2

[Event "10. Forchheimer Sparkassen Open"]
[Site "Forchheim"]
[Date "2011.10.09"]
[Round "4.37"]
[White "Jacobi, Robin"]
[Black "Otto, Moritz"]
[Result "1-0"]
[WhiteElo "1967"]
[BlackElo "1666"]
[PlyCount "47"]
[EventDate "2011.??.??"]
[WhiteTeam "SV Empor Erfurt"]
[BlackTeam "SC Uttenreuth e.V."]

1. Nf3 {[%emt 0:00:00]} d5 2. g3 Nf6 3. Bg2 Bf5 4. O-O e6 5. d3 Bd6 6. Nbd2
Nbd7 7. Re1 O-O 8. e4 Bg4 9. h3 Bxf3 10. Nxf3 dxe4 11. dxe4 e5 12. Nh4 Bc5 13.
Qe2 c6 14. c3 a5 15. Kh2 Re8 16. Nf5 g6 17. Nh6+ Kg7 18. Bg5 Be7 19. f4 Nh5 20.
Nf5+ gxf5 21. Qxh5 exf4 22. Bxf4 fxe4 23. Rad1 Qc8 24. Qg4+ 1-0

[Event "10. Forchheimer Sparkassen Open"]
[Site "Forchheim"]
[Date "2011.10.09"]
[Round "4.38"]
[White "Walch, Roger"]
[Black "Diller, Peter"]
[Result "0-1"]
[WhiteElo "1647"]
[BlackElo "1949"]
[PlyCount "34"]
[EventDate "2011.??.??"]
[WhiteTeam "SW Nürnberg Süd e.V."]
[BlackTeam "SK Rothenburg e.V."]

1. e4 {[%emt 0:00:00]} e6 2. d4 b6 3. Nf3 Bb7 4. Bd3 d5 5. exd5 Bxd5 6. O-O Nf6
7. c4 Bb7 8. d5 exd5 9. Re1+ Be7 10. Qe2 Nc6 11. cxd5 Nxd5 12. Bb5 O-O 13. Rd1
Qd6 14. Be3 Rad8 15. Bc4 Nf4 16. Qd2 Qg6 17. Qxd8 Qxg2# 0-1

[Event "10. Forchheimer Sparkassen Open"]
[Site "Forchheim"]
[Date "2011.10.09"]
[Round "4.39"]
[White "Ruff, Maximilian"]
[Black "Keller, Werner"]
[Result "1-0"]
[WhiteElo "1949"]
[BlackElo "1663"]
[PlyCount "37"]
[EventDate "2011.??.??"]
[WhiteTeam "SC Brandeck-Turm Ohlsbach e.V."]
[BlackTeam "SW Nürnberg Süd e.V."]

1. e4 {[%emt 0:00:00]} g6 2. d4 Bg7 3. Nc3 d6 4. g3 c5 5. dxc5 Bxc3+ 6. bxc3
dxc5 7. Qxd8+ Kxd8 8. Be3 b6 9. Bc4 e6 10. Rd1+ Ke7 11. Bf4 Ba6 12. Bxa6 Nxa6
13. Bd6+ Ke8 14. Ne2 Ne7 15. Nf4 Nc6 16. Ke2 Na5 17. Be5 Rg8 18. Bf6 Nb8 19.
Rd8# 1-0

[Event "10. Forchheimer Sparkassen Open"]
[Site "Forchheim"]
[Date "2011.10.09"]
[Round "4.40"]
[White "Hofmann, Paul"]
[Black "Weigert, Wilhelm"]
[Result "1/2-1/2"]
[WhiteElo "1636"]
[BlackElo "1923"]
[PlyCount "79"]
[EventDate "2011.??.??"]
[WhiteTeam "FC Ergolding 1932 e.V."]
[BlackTeam "SK Kelheim 1920"]

1. c4 {[%emt 0:00:00]} g6 2. Nc3 Bg7 3. d4 Nf6 4. e4 d6 5. f3 O-O 6. Be3 a5 7.
Qd2 Nc6 8. Rc1 b6 9. Nb5 e5 10. d5 Ne7 11. Ne2 Nd7 12. Nec3 f5 13. g3 Nf6 14.
Be2 Rf7 15. Kd1 Bd7 16. Kc2 Nc8 17. a4 Na7 18. b3 Nxb5 19. cxb5 Qe7 20. h3 Nh5
21. g4 Nf4 22. Rcg1 fxe4 23. fxe4 Raf8 24. h4 h6 25. Bd1 Qd8 26. Rh2 Be8 27.
Qe1 Bd7 28. Qg3 Qe7 29. g5 h5 30. Rf1 Qe8 31. Rff2 Qe7 32. Ne2 Bg4 33. Nc3
Bxd1+ 34. Nxd1 Qe8 35. Kd2 Qe7 36. Nc3 Qe8 37. Ne2 Qe7 38. Nc3 Qe8 39. Ne2 Qe7
40. Nc3 1/2-1/2

[Event "10. Forchheimer Sparkassen Open"]
[Site "Forchheim"]
[Date "2011.10.09"]
[Round "4.41"]
[White "Winkler, Thorsten"]
[Black "Voigt, Maik"]
[Result "1-0"]
[WhiteElo "1920"]
[BlackElo "1625"]
[PlyCount "79"]
[EventDate "2011.??.??"]
[WhiteTeam "SG Meimsheim-Gügl."]
[BlackTeam "SV Freibauer Barleben"]

1. d4 {[%emt 0:00:00]} Nf6 2. c4 g6 3. Nc3 Bg7 4. e4 d6 5. f3 O-O 6. Be3 Nbd7
7. Qd2 c5 8. Nge2 a6 9. Nc1 Rb8 10. Be2 Ne8 11. Nb3 cxd4 12. Nxd4 Nc7 13. O-O
Ne5 14. Rac1 Ne6 15. Nd5 Nxd4 16. Bxd4 b6 17. Rfd1 e6 18. Nb4 Qh4 19. Bf2 Qf6
20. Bd4 Qh4 21. Be3 h6 22. Qxd6 Bb7 23. Qd2 a5 24. Nc2 Ba6 25. b3 Rfd8 26. Qe1
Qxe1+ 27. Nxe1 Nd7 28. Rc2 Nc5 29. Rcd2 Rxd2 30. Rxd2 Bf8 31. Bf4 Rc8 32. Kf2
Bb7 33. Nc2 f6 34. Be3 Kf7 35. Nd4 Rd8 36. Nb5 Rxd2 37. Bxd2 e5 38. Bf1 Ne6 39.
Be3 Nc5 40. Ke2 1-0